Novela zákona o účtovníctve
Zákon č. 688/2006 Z.z., ktorý novelizoval zákon č. 595/2003 Z.z. o dani z príjmu v znení neskorších predpisov v čl. III súčasne novelizoval aj zákon č. 431/2002 Z.z. o účtovníctve v znení neskorších predpisov. Hlavné body novely.
Enregistré dans:
| Auteur principal: | |
|---|---|
| Format: | Chapitre de livre |
| Langue: | slovaque |
| Sujets: | |
| Tags: |
Pas de tags, Soyez le premier à ajouter un tag!
|
MARC
| LEADER | 00000naa$a2200000$$$4500 | ||
|---|---|---|---|
| 001 | 0054925 | ||
| 005 | 20231127092821.4 | ||
| 041 | 0 | |a slo | |
| 044 | |a SK | ||
| 245 | 1 | 0 | |a Novela zákona o účtovníctve |c Richard Farkaš |
| 520 | |a Zákon č. 688/2006 Z.z., ktorý novelizoval zákon č. 595/2003 Z.z. o dani z príjmu v znení neskorších predpisov v čl. III súčasne novelizoval aj zákon č. 431/2002 Z.z. o účtovníctve v znení neskorších predpisov. Hlavné body novely. | ||
| 610 | 2 | 0 | |a novelizácia |
| 610 | 2 | 0 | |a Slovensko |
| 610 | 2 | 0 | |a zákony |
| 610 | 2 | 0 | |a dane z príjmov |
| 610 | 2 | 0 | |a účtovníctvo |
| 100 | 1 | |a Farkaš, Richard | |